[Event "Hamburg HSK"]
[Site "Hamburg"]
[Date "1996.??.??"]
[Round "7"]
[White "Loeffler, Stefan"]
[Black "Mueller, Karsten"]
[Result "1-0"]
[WhiteElo "2410"]
[BlackElo "2490"]
[Annotator "Lutz,C"]
[PlyCount "173"]
[EventDate "1996.10.03"]
[EventType "tourn"]
[EventRounds "9"]
[EventCountry "GER"]
[EventCategory "9"]
[SourceTitle "CBM 056"]
[Source "ChessBase"]
[SourceDate "1997.02.01"]
[SourceVersion "1"]
[SourceVersionDate "1997.02.01"]
[SourceQuality "1"]

1. Nf3 d5 2. c4 c6 3. e3 Nf6 4. Nc3 e6 5. b3 Bd6 6. Bb2 O-O 7. Qc2 a6 8. d4
Nbd7 9. Be2 b5 $5 (9... dxc4 $5 10. bxc4 c5 11. d5 exd5 12. Nxd5 Nxd5 13. cxd5
Qe7 14. O-O Re8 15. Bd3 Nf6 16. e4 Nxe4 17. Rae1 f5 18. Nd2 Qh4 19. g3 Qh6 20.
Bc1 Qg6 21. Nxe4 {1/2-1/2 Schlosser,P-Chernin,A/Altensteig 1991} fxe4 22. Bxe4
(22. Rxe4 Rxe4 23. Bxe4 Qh5 $13) 22... Rxe4 23. Qxe4 (23. Rxe4 Bf5) 23... Bf5
$13) (9... e5 $5 10. O-O-O exd4 11. Nxd4 Nb6 12. h3 Qe7 13. g4 Ba3 14. Bxa3
Qxa3+ 15. Qb2 Qe7 16. cxd5 cxd5 17. Kb1 Bd7 18. Rc1 Rae8 19. Bf3 a5 {1/2-1/2
Bischoff,K-Dreev,A/Brno 1992}) 10. O-O Bb7 11. e4 dxe4 (11... b4 12. e5 bxc3
13. Bxc3 Be7 14. exf6 Nxf6 $13) 12. Nxe4 Nxe4 13. Qxe4 Nf6 14. Qh4 bxc4 15.
bxc4 c5 16. Rad1 Ne4 17. d5 exd5 $2 (17... Qxh4 18. Nxh4 Be7 {>< d5}) 18. cxd5
Re8 19. Bc4 Bf8 20. Qg4 Nd6 21. Ne5 Qf6 22. Rfe1 Rad8 23. Bb3 Qf5 24. Qxf5 Nxf5
25. Nc6 Rxe1+ 26. Rxe1 Rc8 27. Na5 Ba8 28. Rc1 Nd6 29. Be5 c4 30. Bxd6 Bxd6 31.
Rxc4 Re8 32. Rc1 Bc7 33. Nc6 Bxc6 34. dxc6 g6 35. Kf1 Kg7 36. Bc4 a5 37. Rb1
Kf6 38. h4 Re4 39. Bd5 Rxh4 40. Rb7 Ke5 41. g3 Rb4 42. Rxc7 Kxd5 43. Rxf7 Kxc6
44. Rxh7 Ra4 45. Rg7 Rxa2 46. Rxg6+ Kb5 47. g4 a4 48. Rg8 Rc2 49. g5 a3 50. Ra8
Kb4 51. g6 Rc7 52. Ke2 Rg7 53. Ra6 a2 54. Rxa2 Rxg6 55. Rc2 Rg8 56. Rc7 Re8+
57. Kd3 Rd8+ 58. Ke3 Re8+ 59. Kd4 Rf8 60. Rb7+ Ka3 61. Ke3 Re8+ 62. Kd2 Rf8 63.
Ke2 Re8+ 64. Kf1 Rf8 65. Rb5 Ka4 66. Re5 Kb4 67. Ke2 Kc4 68. Ke3 Rh8 69. f4 Rh1
70. Ke4 Rf1 71. f5 Rf2 72. Re6 Kc5 73. Ke5 Rf1 74. Re7 Kc6 75. Ke6 Re1+ 76. Kf7
Rf1 77. f6 Kd6 78. Kg7 Rf2 79. Re8 Rg2+ 80. Kf8 Kd7 81. f7 Rg1 82. Re4 Rg2 83.
Rd4+ Kc6 84. Ke7 Re2+ 85. Kf6 Rf2+ 86. Ke6 Kc5 87. Rd5+ 1-0

[Event "EU-Cup 21st"]
[Site "Saint Vincent"]
[Date "2005.09.21"]
[Round "4.4"]
[White "Lautier, Joel"]
[Black "Tkachiev, Vladislav"]
[Result "1/2-1/2"]
[WhiteElo "2672"]
[BlackElo "2625"]
[Annotator "Lutz,C"]
[PlyCount "63"]
[EventDate "2005.09.18"]
[EventType "team-swiss"]
[EventRounds "7"]
[EventCountry "ITA"]
[SourceTitle "CBM 110"]
[Source "ChessBase"]
[SourceDate "2006.01.31"]
[SourceVersion "1"]
[SourceVersionDate "2006.01.31"]
[SourceQuality "1"]
[WhiteTeam "Paris NAO"]
[BlackTeam "Tomsk 400"]
[WhiteTeamCountry "FRA"]
[BlackTeamCountry "RUS"]

1. d4 d5 2. c4 c6 3. Nc3 Nf6 4. e3 e6 5. Nf3 a6 6. b3 Bb4 7. Bd2 O-O 8. Bd3
Nbd7 9. O-O Bd6 10. Qc2 {Zuletzt wurde meistens diesem Zug der Vorzug gegeben,
obwohl nicht ganz klar ist, was gegen Kasparovs 10.e4 spricht.} (10. e4 dxc4
11. bxc4 e5 12. c5 $1 (12. d5 Nc5 $132) 12... Bc7 (12... exd4 13. cxd6 dxc3 14.
Bxc3 Nc5 15. Bxf6 Qxf6 16. e5 $16) 13. Na4 (13. Be3 Qe7 14. Qc2 {1/2-1/2
Moiseenko,A-Huzman,A/Montreal 2004/CBM 103 (14)}) 13... exd4 14. h3 $1 Re8 (
14... Qe7 15. Qc2) 15. Re1 (15. Rb1 Nf8 16. Re1 h6 17. Qc1 Rb8 18. Rb3 Ne6 19.
e5 Nd5 20. Bxh6 Nc3 21. Nxc3 dxc3 22. Bb1 Qe7 23. Rb4 c2 24. Qxc2 g6 25. Rc4
$16 {1-0 Najer,E-Kobalija,M/playchess.com INT 2004/CBM 99 ext (36)}) 15... h6 (
15... Nf8 16. e5 Nd5 17. Bg5 Qd7 18. Rb1 h6 19. Bh4 Nf4 20. Bf1 N8g6 21. Bg3
Rd8 22. Rb4 Ne6 23. Rb3 Qe7 24. Qc2 Rb8 25. Reb1 Ng5 26. Bc4 Nxf3+ 27. Rxf3 Be6
28. Bxe6 Qxe6 29. Rfb3 Bxe5 30. Bxe5 Qxe5 31. Nb2 Nf4 32. Nd3 Nxd3 33. Rxd3 Rd5
34. Qd2 Rxc5 35. Rxd4 Rd5 36. Rxd5 Qxd5 37. Qxd5 cxd5 38. Rb6 Kf8 39. Rd6 Rc8
40. Rxd5 Rc1+ 41. Kh2 Rc2 42. Rd8+ Ke7 43. Rb8 b5 44. Rb7+ Ke8 45. a4 bxa4 {
0-1 Lengyel,L-Godena,M/Budapest 1995/EXT 97 (45)}) 16. Rb1 Nh7 17. Bc4 Qf6 $13
{1-0 Kasparov,G-Gelfand,B/Linares 1991/CBM 22/[Anand] (38)}) 10... h6 (10...
Re8 11. Rfe1 (11. Rae1 h6 12. h3 e5 13. cxd5 cxd5 14. e4 dxe4 15. Nxe4 Nxe4 16.
Rxe4 Nf6 $11 {0-1 Bareev,E-Kobalija,M/Kazan 2005/CBM 109/[Lutz] (62)}) (11. e4
$5 dxc4 12. bxc4 e5 $13) 11... h6 12. h3 e5 13. cxd5 cxd5 14. e4 dxe4 15. Nxe4
Nxe4 16. Bxe4 exd4 17. Nxd4 Nf6 18. Bf3 Be5 19. Bc3 Qb6 20. Rad1 Bd7 {1/2-1/2
Shabalov,A-Najer,E/Las Vegas 2004/CBM 100 ext (37)}) (10... e5 11. cxd5 cxd5
12. e4 exd4 13. Nxd5 Nxd5 14. exd5 Nf6 15. Rae1 h6 16. Qc4 Nxd5 17. Qxd4 Be6
18. Bb1 Rc8 19. Qd3 Nf6 20. Nd4 Bd7 {1-0 Timoscenko,G-Godena,M/Padova 1999/CBM
73 ext (81)}) (10... c5 11. cxd5 exd5 12. Rad1 cxd4 13. Nxd4 Ne5 14. Be2 Bd7
15. Qb1 {1/2-1/2 Kruppa,Y-Popov,V/St Petersburg 2003/EXT 2004 (15)}) 11. e4 {
Weiß öffnet das Zentrum. Alternativ konnte er auch noch einen weiteren
Vorbereitungszug spielen.} (11. Rad1 e5 12. cxd5 cxd5 13. e4 $5 (13. dxe5 Nxe5
14. Nxe5 Bxe5 15. Ne2 (15. f4 Bd6 16. Bf5 $2 Re8 17. Qd3 Bxf5 18. Qxf5 Bb4 19.
Be1 Qb6 20. Nxd5 Nxd5 21. Rxd5 Bxe1 22. Rxe1 Rxe3 $17 {0-1 Blagojevic,
D-Sokolov,I/Neum 2005/CBM 106 ext (64)}) 15... Bg4 16. h3 Rc8 17. Qb1 Bd7 18.
Rc1 Qe7 19. Rxc8 Rxc8 20. Rc1 $11 {0-1 Flear,G-Godena,M/France 2003/CBM 94 (38)
}) 13... dxe4 (13... exd4 {Gurevich,M} 14. Nxd5 Nxd5 15. exd5 Nf6 16. Nxd4 $14)
14. Nxe4 Nxe4 15. Bxe4 exd4 16. Bc1 $5 (16. Nxd4 {Gurevich,M} Nf6 17. Rfe1 $5
Bxh2+ (17... Bg4 $6 18. f3 Rc8 19. Qd3 $14) (17... Re8 $5) 18. Kxh2 Qxd4 19.
Bf4 $44) 16... Nf6 17. Bb2 (17. Rxd4 {Gurevich,M} Re8 $5 18. Bb2 Qb6 $11) 17...
Re8 (17... Nxe4 {Gurevich,M} 18. Qxe4 $36) 18. Bf5 Qa5 $1 19. Nxd4 (19. Bxc8 {
Gurevich,M} Raxc8 20. Qb1 Bb4 $5 21. Bxd4 Ne4 $36) 19... Be5 $132 {1/2-1/2
Ftacnik,L-Gurevich,M/Warsaw 2005/CBM 108/[Gurevich,M] (44)}) (11. h3 $5 b5 12.
Rfd1 Bb7 13. e4 b4 14. Na4 dxe4 15. Bxe4 a5 16. Be3 Qc7 $13 17. Nc5 Nxc5 18.
dxc5 Be7 19. Ne1 Nd7 20. Rxd7 Qxd7 21. Nd3 Rad8 $17 {0-1 Shneider,A-Braun,A/
Bad Zwesten 2005/CBM 104 ext (50)}) (11. Rfd1 $5 e5 12. cxd5 cxd5 13. dxe5 Nxe5
14. Nxe5 Bxe5 15. h3 Be6 16. f4 Bb8 17. Ne2 Ba7 18. Qb2 Qd7 19. Nd4 Bxh3 20.
gxh3 Qxh3 21. Bf1 Qg3+ 22. Bg2 Rfe8 23. Bc1 Ng4 24. Nf5 Qh2+ 25. Kf1 Qxf4+ $1 {
0-1 Vatter,H-Godena,M/Pula 2004/CBM 100 ext (25)}) 11... dxc4 12. bxc4 e5 13.
c5 {Das ist die weiße Idee: der schwarze Damenflügel soll lahmgelegt werden.} (
13. d5 Nc5 {stellt Schwarz nicht vor Probleme.}) 13... Bc7 14. Na4 exd4 15. h3
Nh5 $146 {Schwarz erhält als Ersatz für seinen geschwächten Damenflügel
Gegenspiel auf den schwarzen Feldern.} (15... Re8 $5 16. Rab1 Nh5 17. g3 Rb8
18. Kg2 Nf8 19. Nb6 Be6 20. Rb2 Ng6 21. Rfb1 Qf6 22. Qd1 Rbd8 23. a4 Qe7 24.
Qc2 Bb8 25. Nc4 Bc8 26. Nb6 Be6 27. Nc4 Bc8 28. Na5 Qe6 29. Rh1 Qd7 30. Qb1 Re7
31. Nc4 Bc7 32. Nb6 Bxb6 33. Rxb6 Nf6 34. Ba5 Rde8 35. Rb4 Rxe4 36. Bxe4 Rxe4
37. Qd1 Nd5 38. Rxd4 Re8 39. Qc2 Qe6 40. Bd2 Qf6 41. Re4 Rd8 42. Ba5 Rf8 43.
Qe2 Bf5 44. Rd4 Bd7 45. Re1 Qf5 46. Ng1 Be6 47. Qe4 Qh5 48. Qc2 Nf6 49. Bd2
Bd5+ 50. f3 Nd7 51. Re3 Nde5 52. Kf2 f5 53. Rc3 f4 54. Bxf4 Nxf4 55. Rxf4 Rxf4
56. gxf4 Qh4+ 57. Ke3 Qe1+ 58. Ne2 Nxf3 59. Rd3 Nh4 60. Kd4 Qb4+ 61. Ke5 Ng6+
62. Kd6 Qa5 63. Kd7 Nf8+ 64. Kc8 Ne6 65. Kb8 Nxc5 {0-1 Kuzubov,Y-Kobalia,M/
Port Erin 2005/CBM 108 ext (65)}) 16. Rad1 Qf6 17. Nxd4 Nf4 (17... Qxd4 $2 18.
Bc3) 18. Nf5 Nxd3 19. Qxd3 Ne5 20. Qb1 Bxf5 21. exf5 Rab8 22. Qe4 Rfe8 23. Bc3
Qe7 24. Rfe1 Qf8 25. Qb1 Re7 26. Re4 f6 $11 {Die weißen Figuren sind etwas
aktiver, dafür kontrolliert Schwarz die Felder d5 und e5.} 27. Rde1 Rd7 28. Rd1
Rxd1+ 29. Qxd1 Qf7 30. Qe2 Rd8 31. Bd4 Qc4 32. Qxc4+ 1/2-1/2

[Event "RUS-ch Superfinal"]
[Site "Moscow"]
[Date "2005.12.22"]
[Round "4"]
[White "Dreev, Alexey"]
[Black "Jakovenko, Dmitrij"]
[Result "1/2-1/2"]
[WhiteElo "2694"]
[BlackElo "2644"]
[Annotator "Lutz,C"]
[PlyCount "162"]
[EventDate "2005.12.19"]
[EventType "tourn"]
[EventRounds "11"]
[EventCountry "RUS"]
[EventCategory "17"]
[SourceTitle "CBM 111"]
[Source "ChessBase"]
[SourceDate "2006.04.04"]
[SourceVersion "1"]
[SourceVersionDate "2006.04.04"]
[SourceQuality "1"]

1. d4 d5 2. c4 c6 3. Nc3 Nf6 4. e3 a6 5. Qc2 e6 6. Nf3 c5 7. cxd5 exd5 8. Be2
Nc6 9. O-O Be6 10. Rd1 Nb4 11. Qb1 (11. Qd2 {1/2-1/2 Mamedyarov,S-Sokolov,I/
Wijk aan Zee 2006/CBM 111/[Lutz] (26)}) 11... Qc8 {Mit der Idee ...Bf5.} 12. e4
$5 (12. Bd2 $6 Bf5 13. Qc1 c4 14. Ne1 Bd6 15. b3 b5 $15 {0-1 Krasenkow,
M-Sokolov,I/Izmir 2004/CBM 104/[Lutz] (36) Dank seines Raumvorteils am
Damenflügel und der Kontrolle des Zentrums hat Schwarz bereits Vorteil.}) (12.
Nh4 g5 13. a3 gxh4 14. axb4 cxb4 15. Na4 Qc7 16. Bd2 Ne4 17. f3 Nxd2 18. Rxd2
Rc8 $17 {1/2-1/2 Dittmar,P-Bjarnason,O/Bad Woerishofen 2003/CBM 93 ext (34)})
12... Nxe4 $5 (12... dxe4 $5 {wird von I.Sokolov im Informator 92 als genauer
angegeben.} 13. Ng5 (13. Nxe4 Bf5 14. Nfg5 Nxe4 15. Nxe4 {führt mit
Zugumstellung zu den Varianten nach 12...Nxe4 13.Nxe4 Bf5 14.Nfd2 dxe4 15.Nxe4.
}) 13... Bf5 14. Bc4 $4 (14. Ncxe4 {siehe 13.Nxe4}) 14... e3 15. Bxf7+ Ke7 $19)
13. Re1 (13. Nxe4 Bf5 14. Nfd2 (14. Bd3 Nxd3 15. Ng3 c4 $17) (14. Nfg5 $5 {
muss beachtet werden.} h6 15. Re1 hxg5 16. Bg4 dxe4 17. Bxf5 Qxf5 18. Rxe4+ Kd8
19. Re8+ Kc7 20. Qxf5 Rxe8 21. Bxg5 $18 {1-0 Arkell,K-Haslinger,S/Birmingham
2005/EXT 2006 (43)}) 14... dxe4 15. Nxe4 cxd4 (15... Qe6 $5 {Sokolov,I}) 16.
Rxd4 (16. Bd3 $13) 16... Qc2 (16... Nc2 $2 17. Rc4) 17. Bf3 Qxb1 (17... Bc5 $6
18. Qxc2 Nxc2 19. Rc4 Nxa1 20. Nxc5 $36) 18. Rxb1 Nc6 $11 {Sokolov,I}) 13...
Be7 {I.Sokolov analysiert hier nur die Alternativen 13...f5 und 13...Bf5. Der
Textzug sieht natürlicher aus.} (13... f5 14. Na4 $1 Qc6 (14... Qc7 15. a3) 15.
Bd1 $1 $44 {|^} c4 16. Ne5 Qc7 17. f3) (13... Bf5 14. Nxd5 Nxd5 15. Bd3) 14.
Nxe4 dxe4 15. Qxe4 O-O 16. a3 Qc6 17. Qb1 Nd5 18. Bd3 h6 19. Ne5 Qc8 20. Bd2 $6
{Weiß opfert einen Bauern im Kampf um die Initative. Das scheint aber
übertrieben zu sein.} (20. dxc5 $11) 20... cxd4 21. Qd1 Re8 22. Qf3 Qd8 23. Qe4
(23. Rad1 Bd6 24. Nc4 Bc7) 23... f5 24. Qxd4 Bf6 25. Rad1 Qb6 $15 {Nun kommt
Schwarz in Vorteil.} 26. Qxb6 Nxb6 27. Ba5 Na4 28. Nc4 Nxb2 29. Nxb2 Bxb2 30.
Rb1 Bxa3 31. Rxb7 Bd5 32. Rxe8+ Rxe8 33. Rd7 Be6 34. Ra7 {Die weiße Aktivität
kompensiert den schwarzen Mehrbauern.} Rc8 35. Kf1 Bc4 36. Ke2 Re8+ 37. Kd2
Bxd3 38. Kxd3 Re6 39. Bc3 Rg6 40. Ra8+ Kh7 41. g3 Bc5 42. Ke2 Re6+ 43. Kf3 Be7
44. h4 h5 45. Ra7 Kg6 46. Bd4 Bf6 47. Be3 Rc6 48. Kg2 Be5 49. Bg5 Bd4 50. Rd7
Bf6 51. Bd2 Be5 52. Bg5 Bc3 53. Ra7 Kh7 54. Kf3 Kg6 55. Kg2 a5 56. Bd8 Rc5 57.
Kf3 Rd5 58. Bg5 Rb5 59. Bd8 Rb3 60. Kf4 Bd2+ 61. Ke5 Rb5+ 62. Kd4 Be1 63. Ke3
Rb2 64. Ra6+ Kh7 65. f3 Rb3+ 66. Ke2 Bc3 67. Bc7 Ra3 68. Bd6 Ra2+ 69. Ke3 Ra4
70. Bc7 Kg8 71. Kd3 Ra3 72. Kc4 Bb4 73. Be5 Re3 74. Kd5 Bc3 75. Bxc3 Rxc3 76.
Rxa5 Kf7 77. g4 fxg4 78. fxg4 hxg4 79. Ke4 Rh3 80. Kf4 g3 81. Kf3 Rxh4 1/2-1/2

[Event "RUS-ch"]
[Site "Elista"]
[Date "1996.??.??"]
[Round "9"]
[White "Sorokin, Maxim"]
[Black "Dreev, Alexey"]
[Result "1/2-1/2"]
[WhiteElo "2550"]
[BlackElo "2645"]
[Annotator "Lutz,C"]
[PlyCount "51"]
[EventDate "1996.10.15"]
[EventType "swiss"]
[EventRounds "11"]
[EventCountry "RUS"]
[SourceTitle "CBM 056"]
[Source "ChessBase"]
[SourceDate "1997.02.01"]
[SourceVersion "1"]
[SourceVersionDate "1997.02.01"]
[SourceQuality "1"]

1. d4 d5 2. c4 c6 (2... e6 3. Nc3 Nf6 4. Nf3 Be7 5. Bg5 h6 6. Bh4 O-O 7. e3 b6
8. Be2 Bb7 9. Bxf6 Bxf6 10. cxd5 exd5 11. b4 c6 12. O-O a5 13. bxa5 Rxa5 {- D58
}) 3. Nf3 Nf6 4. Nc3 e6 5. e3 Nbd7 6. Qc2 b6 7. cxd5 exd5 8. Bd3 Bb7 9. O-O Be7
10. Rb1 $5 (10. b3) 10... O-O 11. b4 a5 12. bxa5 Rxa5 13. Ne5 h6 14. Nxd7 Nxd7
{Die entstandene Stellung ist ähnlich mit einem Abspiel der
Tartakower-Variante (vgl. Anmerkung zum 2.Zug von Schwarz). Hier hat Weiß
allerdings noch den Bc1 (statt des Nf3), was die Stellung für Schwarz etwas
entlastet.} 15. Bd2 Ra7 16. a4 Nf6 17. Rfc1 Ba6 {[%csl Rc4,Rc6][%cal Yf6e8,
Ye8d6,Yd6c4] Durch den Tausch der Läufer wird der Pc6 geschwächt, andererseits
kann der schwarze Springer nun das Feld c4 ansteuern.} 18. Bxa6 (18. Rb3 $5 Bc4
19. Bxc4 dxc4 20. Rbb1 $13) 18... Rxa6 19. Rb3 Qa8 $1 {[%csl Ra4,Rb6,Rc6][%cal
Ya8a4,Yf8b8,Ya8c6,Yb8b6] Mit diesem Zug gelangt Schwarz zur idealen
Defensivaufstellung Qa8+Ra6+Rb8} 20. Rcb1 Rb8 $11 {[%csl Ra4,Rb6,Rc3,Rc6,Rd2]
Die schwarzen Schwächen b6 und c6 einerseits und die weißen Schwäche a4 sowie
die inaktiven Leichtfiguren c3 und d2 andererseits wiegen einander auf.} 21.
Be1 Ne8 $1 {[%csl Rc4][%cal Ye8d6,Yd6c4]} 22. f3 {[%csl Re3] Bringt den Be1
ins Spiel, schwächt aber den Pe3.} Nd6 23. Bg3 Re8 24. Bxd6 Bxd6 25. e4 dxe4
26. Nxe4 $11 (26. fxe4 Bc7 $132 {[%csl Ra4,Rd4,Re4] und Schwarz hat genügend
Gegenspiel gegen die weißen Bauernschwächen.}) 1/2-1/2

[Event "Corus"]
[Site "Wijk aan Zee"]
[Date "2003.01.16"]
[Round "5"]
[White "Krasenkow, Michal"]
[Black "Bareev, Evgeny"]
[Result "1/2-1/2"]
[WhiteElo "2633"]
[BlackElo "2729"]
[Annotator "Lutz,C"]
[PlyCount "71"]
[EventDate "2003.01.11"]
[EventType "tourn"]
[EventRounds "13"]
[EventCountry "NED"]
[EventCategory "18"]
[SourceTitle "CBM 093"]
[Source "ChessBase"]
[SourceDate "2003.04.01"]
[SourceVersion "1"]
[SourceVersionDate "2003.04.01"]
[SourceQuality "1"]

1. d4 d5 2. c4 c6 3. Nc3 Nf6 4. e3 a6 5. Qc2 (5. Nf3 e6 6. b3 Bb4 (6... c5 7.
Bb2 cxd4 8. exd4 b6 9. Be2 Bb7 10. O-O Nbd7 11. Bd3 Be7 12. Qe2 O-O 13. Rac1
Qb8 14. Rfe1 Qf4 15. Qe3 Bd6 16. Ne2 Qxe3 17. fxe3 {1/2-1/2 Lautier,J-Gurevich,
M/Wijk aan Zee 2002/CBM 87 (17)}) 7. Bd2 Bd6 (7... Nbd7 8. Bd3 Bd6 9. e4 dxc4
10. bxc4 e5 11. d5 cxd5 12. cxd5 Nc5 13. Bc2 Bg4 $11 {1-0 Dreev,A-Gurevich,M/
Bastia 2002/CBM 92/[Lutz] (67)}) 8. Qc2 c5 9. cxd5 cxd4 $11 {0-1 Dreev,
A-Gurevich,M/Bastia 2002/CBM 92/[Lutz] (67)}) 5... e6 6. Nf3 {Wir haben nun
einen Stellungstyp erreicht, der auch häufig über die 'normale' Zugfolge 4.e3
e6 5.Nf3 a6 entsteht. Schwarz will ...c6-c5 folgen lassen. Dadurch verliert er
zwar ein Tempo, aber andererseits hat sich Weiß mit e2-e3 und Qd1-c2 auch
nicht ideal für die entstehenden Isolani-Stellungen gerüstet.} c5 7. cxd5 exd5
8. Be2 Nc6 9. O-O Be6 10. Rd1 $5 $146 {Eine interessante Neuerung. Weiß will
ausnutzen, dass Schwarz etwas unterentwickelt ist. Er strebt eine Öffnung des
Zentrums mit e3-e4 an.} (10. dxc5 Bxc5 11. b3 {erscheint zu langsam:} Rc8 12.
Bb2 O-O 13. Rac1 Ba7 14. Rfd1 Qe7 15. Qb1 Rfd8 16. Ng5 d4 17. Nxe6 Qxe6 18. Bc4
Qg4 19. exd4 {1/2-1/2 Gurevich,M-Morozevich,A/Moscow 2001/CBM 86 (19)}) 10...
cxd4 11. Nxd4 Rc8 $6 {Mir persönlich gefällt dieser Zug nicht.} (11... Nxd4 $5
{verdient eine nähere Prüfung:} 12. Rxd4 (12. exd4 Be7 $11) 12... Bc5 (12...
Bd6 13. e4 Be5 (13... O-O 14. exd5) 14. Rd1 Qc7 15. exd5 Nxd5 16. Qa4+ Bd7 17.
Bb5 $36) 13. Rd1 Qe7 $5 14. Qa4+ Bd7 15. Qb3 Be6 16. Bf3 O-O 17. Nxd5 Nxd5 18.
Bxd5 Bxd5 19. Rxd5 Rfd8 $44) 12. Nxe6 fxe6 13. e4 d4 14. Qb3 Qd7 15. Na4 $6 (
15. e5 $5 Nxe5 16. Be3 Bc5 (16... Nc6 17. Bxd4 Nxd4 18. Rxd4 Qxd4 19. Qxe6+ Kd8
20. Rd1 Qxd1+ 21. Bxd1 $40) 17. Bxd4 Bxd4 18. Rxd4 Qxd4 19. Qxe6+ Kd8 20. Rd1
Qxd1+ 21. Bxd1 $36 {und Weiß steht besser, da der schwarze König unsicher
steht.}) 15... Na5 16. Qb6 Nc4 17. Qxd4 Qxa4 18. b3 {So gewinnt Weiß einen
Bauern, aber Schwarz kommt zur Blockade.} e5 19. Qd3 Qa5 20. bxc4 Bc5 $44 21.
Be3 O-O 22. Bxc5 Qxc5 23. Rab1 Rc7 24. Rb3 Rd7 25. Qe3 Rxd1+ 26. Bxd1 Rd8 27.
Rd3 Rxd3 28. Qxd3 h6 29. Kf1 Kf7 30. h4 Ke7 31. Bb3 g5 32. hxg5 hxg5 33. Ke2 b6
34. g3 a5 35. Qe3 Qxe3+ 36. Kxe3 {Trotz seines Mehrbauerns kann Weiß keinen
Fortschritt machen.} 1/2-1/2

[Event "Moscow-ch"]
[Site "Moscow"]
[Date "2003.04.26"]
[Round "5.1"]
[White "Malakhov, Vladimir"]
[Black "Najer, Evgeniy"]
[Result "1/2-1/2"]
[WhiteElo "2672"]
[BlackElo "2606"]
[Annotator "Lutz,C"]
[PlyCount "146"]
[EventDate "2003.04.20"]
[EventType "k.o."]
[EventRounds "5"]
[EventCountry "RUS"]
[SourceTitle "CBM 095"]
[Source "ChessBase"]
[SourceDate "2003.07.25"]
[SourceVersion "1"]
[SourceVersionDate "2003.07.25"]
[SourceQuality "1"]

1. Nf3 d5 2. c4 c6 3. e3 Nf6 4. d4 e6 5. Nc3 Nbd7 6. Qc2 Bd6 7. g4 dxc4 8. Bxc4
b6 9. e4 Bb7 $5 {Häufiger wurde in dieser Stellung 9...e5 gespielt, allerdings
wurde jenem Zug in einer kürzlichen Partie zwischen Kasparov und DEEP JUNIOR
ein herber Schlag versetzt.} (9... e5 10. g5 Nh5 11. Be3 O-O 12. O-O-O Qc7 13.
d5 $1 $146 b5 14. dxc6 $1 bxc4 15. Nb5 Qxc6 16. Nxd6 $16 {1-0 Kasparov,G-Comp
Deep Junior/New York 2003/CBM 94/[Lutz] (27)}) (9... Nxg4 10. e5 Bb4 11. Rg1 h5
12. h3 c5 13. Qe4 cxd4 14. Nxd4 Ndxe5 15. Bb5+ Kf8 16. Qxa8 $18 {0-1 Vafiadis,
K-Lazic,M/Kavala 1996/EXT 2003 (47)}) (9... c5 10. g5 Nh5 11. Be3 O-O 12. O-O-O
cxd4 13. Nxd4 Bf4 14. Rhg1 $36 {1-0 Kempinski,R-Gradalski,P/Biala Podlaska
1994/EXT 2001 (29)}) 10. g5 $5 {Kritisch für die Bewertung von 9...Bb7 sind
die Folgen von 10.e5 c5.} (10. e5 c5 11. exf6 (11. Be2 cxd4 12. exf6 dxc3 13.
fxg7 Rg8 14. Qxh7 Nf6 15. Qh6 Bxf3 16. Bxf3 Be5 17. O-O cxb2 18. Bxb2 Bxb2 19.
Rad1 Qc7 $2 (19... Qc8 $5 20. Rc1 Qd8 21. Rcd1 $11) 20. Bxa8 Nxg4 21. Qh4 Bf6
22. Qg3 Ne5 23. Kh1 $16 {1/2-1/2 Inarkiev,E-Grachev,B/St Petersburg 2001/CBM
82 ext (45)}) 11... Bxf3 12. fxg7 Rg8 13. Qxh7 Nf6 14. Bb5+ Ke7 15. Bg5 cxd4 $2
(15... Bf4 $1 $13) 16. Bxf6+ (16. Ne4 Bxe4 17. Qxe4 Rxg7 18. Qb7+ Bc7 19. h4
$16) 16... Kxf6 17. Ne4+ Bxe4 18. Qxe4 Qc7 19. Kf1 Rad8 20. h4 Kxg7 21. Rd1 Be5
22. Rh3 Qc5 23. Bd3 Qd5 {1/2-1/2 Barsov,A-Reefat,B/Calcutta 2001/CBM 85 (23)})
10... Nh5 11. Be3 Qc7 {Schwarz richtet sein Spiele gegen das schwache Feld f4.
Allerdings ist das sofortige 11...b5 auch beachtenswert.} (11... b5 $5 12. Bb3
a5 13. Qd2 O-O 14. Bc2 Nb6 15. Qd3 g6 16. O-O-O Ba6 17. Qd2 Nc4 18. Qe1 a4 19.
Kb1 b4 20. Nxa4 Bb5 21. Nc5 Rxa2 22. Kxa2 Qa5+ 23. Kb3 Bxc5 24. Ra1 Nb6 $1 {
0-1 Dao Thien Hai-McDonald,N/Budapest 1996/CBM 52 ext (24); /\} 25. Rxa5 Bc4#)
12. Be2 Nf4 13. Bf1 f6 14. O-O-O O-O-O $14 {Schwarz hat ein gewissen
Raumnachteil.} 15. Kb1 Kb8 16. Rg1 a6 17. Rg4 Ng6 18. h4 Rhf8 (18... f5 $5 {/\}
19. exf5 exf5 20. Qxf5 Rhf8) 19. gxf6 gxf6 (19... Nxf6 $2 20. Rxg6 hxg6 21. e5)
20. h5 Nf4 21. Rg7 Nxh5 22. Rxh7 Rh8 23. e5 {Jetzt erlangt Weiß die Initative.}
Bb4 24. Rxh8 Rxh8 25. exf6 Ndxf6 26. Ng5 Nf4 27. Ne2 N4d5 28. Nxe6 $16 {
Weiß hat einen Bauern gewonnen, aber sowohl der Pd4 als auch der Pf2 sind
schwach.} Qf7 29. Ng5 Qc7 30. Bc1 Bd6 31. Nc3 Nxc3+ 32. Qxc3 Nd5 33. Qc2 Ka7
34. a3 Rh2 35. Bd3 a5 36. Be4 Ba6 37. Nf3 Rh8 38. Rg1 Bb7 39. Nd2 b5 40. Nb3
Nf6 41. Bd3 Bc8 42. Rg6 Rf8 43. Qd2 Ng4 44. Qxa5+ Kb8 45. Qxc7+ Kxc7 46. Bd2
Nxf2 47. Ba5+ Kd7 48. Bc2 Rf4 49. Bd2 Rf7 50. Ba5 Ke7 51. Nc5 Ng4 52. Bb4 Ne3
53. Be4 Bf5 54. Bxf5 Nxf5 55. Re6+ Kd8 56. Ba5+ Bc7 57. Bc3 Bd6 58. Nd3 Kd7 59.
Rg6 Rg7 60. Rf6 Ne7 61. Ne5+ Bxe5 62. dxe5 Rg6 63. Bb4 Rg5 64. Rd6+ Kc8 65. Re6
Ng6 66. Bd2 Rg2 67. Bc3 Kc7 68. Rf6 Ne7 69. Rf7 Kd8 70. e6 Re2 71. Ba5+ Ke8 72.
Rf6 Nd5 73. Rh6 Ke7 1/2-1/2